000 00946nam a2200277Ia 4500
003 OSt
005 20220918171458.0
006 a|||||r|||| 00| 0
007 ta
008 220917b |||||||| |||| 00| 0 eng d
020 _a9781843347439 (pbk)
_c5022.39
024 _a283,859
037 _b43243, 12/02/2015, Segment Book Distributors
_cTextual
040 _aARTS
_cARTS
_beng
041 _2eng
_aeng
082 _a2:(D65,8(B)), Q3
100 _aSimons Natasha
_936859
245 0 _aNew content in digital repositories
_b The changing research landscape
260 _aOxford
_bChandos Publishing UK
_c2013
300 _axxv, 222p.
_ccm.
490 _aChandos : Information professional series
650 _aLIBRARY SCIENCE
700 _a Richardson Jonna
_936860
942 _h2:(D65,8(B)), Q3
_cTEXL
_2CC
999 _c139756
_d139756